01503nam a22002777a 450000500170000002000290001704000340004608200150008010000210009524500610011625000120017726000470018930000260023650400200026252002150028254600090049765000270050670000180053394200070055199900170055895201300057595201300070595201300083595201300096595201300109520260414134611.0 a0421890509cTZS 18,326/= aMCCLbeng.eAACR 2nd rev. ed. a341.48 SPE aSpencer, Maureen aNutcases: Human rightscMaureen Spencer and John Spencer a2nd ed. aLondon:bSweet & Maxwell Limited ;cc2005. axxxi, 226 p.:c23 cm. aIncludes Index. aNutcases' presents the basic facts and key principles of the important cases in each area of law, in clear and straightforward language. Cases are organised by topic areas illustrating key principles of the law aeng. aNutcases: Human rights aSpencer, John cBK c12606d12606 00104070aMU002bMU002d2006-07-01eText book centre Ltd.l0o341.48 SPEpMCC001362r2026-04-14 13:50:49t1w2026-04-14yBK 00104070aMU002bMU002d2006-07-01eText book centre Ltd.l0o341.48 SPEpMCC001363r2026-04-14 13:50:49t2w2026-04-14yBK 00104070aMU002bMU002d2006-07-01eText book centre Ltd.l0o341.48 SPEpMCC001364r2026-04-14 13:50:49t3w2026-04-14yBK 00104070aMU002bMU002d2006-07-01eText book centre Ltd.l0o341.48 SPEpMCC001365r2026-04-14 13:50:49t4w2026-04-14yBK 00104070aMU002bMU002d2006-07-01eText book centre Ltd.l0o341.48 SPEpMCC001366r2026-04-14 13:50:49t5w2026-04-14yBK